[Event "Voronezh Region-ch"]
[Site "Voronezh"]
[Date "2017.12.18"]
[Round "6"]
[White "Tatarintsev, Egor"]
[Black "Moiseenko, Andrey"]
[Result "1-0"]
[WhiteElo "2125"]
[BlackElo "2035"]
[PlyCount "63"]
[EventDate "2017.12.12"]
[EventType "swiss"]
[EventRounds "9"]
[EventCountry "RUS"]
[SourceTitle "CBM 182 Extra"]
[Source "ChessBase"]
[SourceDate "2018.02.23"]
[SourceVersion "1"]
[SourceVersionDate "2018.02.23"]
[SourceQuality "1"]

1. d4 Nf6 2. c4 g6 3. Nc3 Bg7 4. e4 d6 5. f4 0-0 6. Nf3 c5 7. d5 e6 8. Be2 exd5 9. cxd5 Re8 10. e5 dxe5 11. fxe5 Ng4 12. e6 fxe6 13. d6 Bd7 14. 0-0 Bc6 15. Bf4 Nd7 16. Nb5 Rf8 17. Bg5 Qb6 18. Nc7 c4+ 19. Kh1 Nf2+ 20. Rxf2 Qxf2 21. Nxa8 Rxa8 22. Bxc4 Re8 23. Be7 Kh8 24. Bxe6 Ne5 25. Bd5 Bd7 26. Rc1 Ng4 27. Ng5 Bd4 28. Be6 Qf4 29. g3 Nf2+ 30. Kg2 Bxe6 31. gxf4 Nxd1 32. Rxd1 1-0

[Event "Voronezh op-B 21st"]
[Site "Voronezh"]
[Date "2017.06.19"]
[Round "8"]
[White "Chernov, Vladimir S"]
[Black "Moiseenko, Andrey"]
[Result "0-1"]
[WhiteElo "2045"]
[BlackElo "2010"]
[PlyCount "60"]
[EventDate "2017.06.12"]
[EventType "swiss"]
[EventRounds "9"]
[EventCountry "RUS"]
[SourceTitle "CBM 179 Extra"]
[Source "ChessBase"]
[SourceDate "2017.08.23"]
[SourceVersion "1"]
[SourceVersionDate "2017.08.23"]
[SourceQuality "1"]

1. d4 Nf6 2. c4 c5 3. d5 b5 4. cxb5 a6 5. bxa6 g6 6. Nc3 Bxa6 7. e4 Bxf1 8. Kxf1 d6 9. g3 Bg7 10. Kg2 0-0 11. Nge2 Nbd7 12. Re1 Ra6 13. Qc2 Qa8 14. b3 Rb8 15. Bb2 Ne5 16. f4 Neg4 17. Ng1 c4 18. bxc4 Qa7 19. Nd1 Rxb2 20. Nxb2 Ne3+ 21. Rxe3 Qxe3 22. Nf3 Qxe4 23. Qd2 Ra3 24. Rf1 Ng4 25. Nd1 Qxc4 26. Qe1 Rxa2+ 27. Kh3 Qxd5 28. Qxe7 Bf6 29. Qe8+ Kg7 30. Ng5 Rxh2+ 0-1

[Event "Voronezh School op"]
[Site "Voronezh"]
[Date "2015.05.21"]
[Round "3"]
[White "Kornilov, Peter"]
[Black "Moiseenko, Andrey"]
[Result "1/2-1/2"]
[WhiteElo "2043"]
[BlackElo "1995"]
[PlyCount "53"]
[EventDate "2015.05.19"]
[EventType "swiss"]
[EventRounds "9"]
[EventCountry "RUS"]
[SourceTitle "EXT 2016"]
[Source "ChessBase"]
[SourceDate "2015.10.08"]
[SourceVersion "1"]
[SourceVersionDate "2015.10.08"]
[SourceQuality "1"]

1. e4 c5 2. Nc3 Nc6 3. Bb5 Nd4 4. Bc4 g6 5. Nf3 Bg7 6. Nxd4 cxd4 7. Qf3 Nf6 8. Nb5 0-0 9. Nxd4 d5 10. exd5 e5 11. Nb5 a6 12. Nc3 e4 13. Qd1 b5 14. Be2 b4 15. Nb1 Nxd5 16. d3 e3 17. fxe3 Qg5 18. 0-0 Nxe3 19. Bf3 Qc5 20. Bxe3 Qxe3+ 21. Kh1 Bxb2 22. Nd2 Bxa1 23. Bxa8 Be6 24. Bb7 Bc3 25. Ne4 Qa7 26. Qf3 Rb8 27. Bd5 1/2-1/2

[Event "Voronezh School op"]
[Site "Voronezh"]
[Date "2015.05.20"]
[Round "2"]
[White "Moiseenko, Andrey"]
[Black "Vinogradov, Anatoly"]
[Result "1/2-1/2"]
[WhiteElo "1995"]
[BlackElo "2261"]
[PlyCount "56"]
[EventDate "2015.05.19"]
[EventType "swiss"]
[EventRounds "9"]
[EventCountry "RUS"]
[SourceTitle "EXT 2016"]
[Source "ChessBase"]
[SourceDate "2015.10.08"]
[SourceVersion "1"]
[SourceVersionDate "2015.10.08"]
[SourceQuality "1"]

1. d4 e6 2. c4 Nf6 3. g3 Bb4+ 4. Bd2 Qe7 5. Nf3 Nc6 6. Nc3 Bxc3 7. Bxc3 Ne4 8. Qd3 Nxc3 9. Qxc3 0-0 10. Bg2 d6 11. 0-0 a5 12. e4 e5 13. h3 b6 14. b3 Qf6 15. Rfd1 exd4 16. Nxd4 Bb7 17. Nb5 Qe7 18. Qd2 Rfd8 19. a3 Ne5 20. Nc3 Rab8 21. f4 Nd7 22. b4 Nf6 23. Re1 Ra8 24. Rab1 h6 25. Rbc1 axb4 26. axb4 c6 27. Qe3 c5 28. bxc5 bxc5 1/2-1/2

[Event "Voronezh-ch op2"]
[Site "Voronezh"]
[Date "2015.04.08"]
[Round "6"]
[White "Moiseenko, Andrey"]
[Black "Filippov, Vladimir Mikhailovi"]
[Result "1-0"]
[WhiteElo "2107"]
[BlackElo "1929"]
[PlyCount "73"]
[EventDate "2015.04.02"]
[EventType "swiss"]
[EventRounds "9"]
[EventCountry "RUS"]
[SourceTitle "EXT 2017"]
[Source "ChessBase"]
[SourceDate "2016.10.25"]
[SourceVersion "1"]
[SourceVersionDate "2016.10.25"]
[SourceQuality "1"]

1. d4 d6 2. c4 Nf6 3. Nc3 Nbd7 4. e4 e5 5. Nge2 Be7 6. f3 c6 7. Be3 a6 8. d5 Qc7 9. Qd2 c5 10. Ng3 g6 11. Be2 h5 12. 0-0 h4 13. Nh1 Nh5 14. g4 hxg3 15. Nxg3 Bh4 16. Nxh5 Rxh5 17. f4 exf4 18. Bxf4 Rh7 19. Bg4 Bf6 20. Bxd7+ Bxd7 21. e5 Bxe5 22. Bxe5 dxe5 23. d6 Qc6 24. Nd5 Kf8 25. Nf6 Rh3 26. Qd5 Rd8 27. Qxe5 Be6 28. Ne4 Kg8 29. Rad1 Rh4 30. Nf6+ Kf8 31. Qg5 Rh8 32. Ne4 Rd7 33. Qf6 Kg8 34. Qe5 Rh4 35. Nf6+ Kf8 36. Nxd7+ Qxd7 37. Qf6 1-0

[Event "Voronezh-ch op2"]
[Site "Voronezh"]
[Date "2015.04.03"]
[Round "2"]
[White "Moiseenko, Andrey"]
[Black "Sakorenko, Adriana"]
[Result "1-0"]
[WhiteElo "2107"]
[BlackElo "1776"]
[PlyCount "79"]
[EventDate "2015.04.02"]
[EventType "swiss"]
[EventRounds "9"]
[EventCountry "RUS"]
[SourceTitle "EXT 2017"]
[Source "ChessBase"]
[SourceDate "2016.10.25"]
[SourceVersion "1"]
[SourceVersionDate "2016.10.25"]
[SourceQuality "1"]

1. d4 Nf6 2. c4 e6 3. g3 Bb4+ 4. Bd2 c5 5. Bxb4 cxb4 6. Bg2 0-0 7. Nf3 d6 8. 0-0 Nc6 9. Nbd2 a5 10. Rc1 Bd7 11. e4 Rc8 12. h3 e5 13. c5 dxc5 14. dxe5 Ne8 15. Rxc5 Qe7 16. Qc1 Nd4 17. Rxc8 Ne2+ 18. Kh1 Nxc1 19. Rcxc1 f6 20. exf6 Nxf6 21. e5 Nd5 22. Nc4 Bb5 23. Rfd1 Bxc4 24. Rxc4 Nb6 25. Rcd4 h6 26. b3 Re8 27. Rd6 Qc7 28. e6 Qc5 29. R1d2 Nc8 30. R6d5 Qb6 31. Nd4 Na7 32. f4 Qc7 33. f5 Nc6 34. Rd7 Qe5 35. Re2 Qf6 36. Nxc6 bxc6 37. Bxc6 Re7 38. Red2 Rxd7 39. exd7 Qd8 40. Re2 1-0

[Event "Voronezh-ch op2"]
[Site "Voronezh"]
[Date "2015.04.02"]
[Round "1"]
[White "Koshelev, Vladimir"]
[Black "Moiseenko, Andrey"]
[Result "1/2-1/2"]
[WhiteElo "1853"]
[BlackElo "2107"]
[PlyCount "72"]
[EventDate "2015.04.02"]
[EventType "swiss"]
[EventRounds "9"]
[EventCountry "RUS"]
[SourceTitle "EXT 2017"]
[Source "ChessBase"]
[SourceDate "2016.10.25"]
[SourceVersion "1"]
[SourceVersionDate "2016.10.25"]
[SourceQuality "1"]

1. Nf3 g6 2. e4 Bg7 3. d4 d6 4. c3 Nf6 5. Bd3 0-0 6. Bg5 Nc6 7. Nbd2 h6 8. Bxf6 Bxf6 9. Qc2 e5 10. d5 Ne7 11. 0-0-0 c6 12. c4 a6 13. Kb1 b5 14. dxc6 Nxc6 15. Nb3 Qb6 16. c5 dxc5 17. Qxc5 Qxc5 18. Nxc5 Be7 19. Rc1 Rd8 20. Be2 Nd4 21. Nxd4 exd4 22. Nd3 Ra7 23. f4 Bf8 24. Bf3 a5 25. g4 Bb7 26. Rhd1 f6 27. h4 Ba8 28. f5 h5 29. fxg6 hxg4 30. Bh1 Bh6 31. Rc5 Kg7 32. h5 Re8 33. e5 fxe5 34. Nxe5 Bxh1 35. Rxh1 g3 36. Ng4 Rae7 1/2-1/2

[Event "Voronezh-ch"]
[Site "Voronezh"]
[Date "2015.01.12"]
[Round "9"]
[White "Moiseenko, Andrey"]
[Black "Ioffe, Ilya"]
[Result "1-0"]
[WhiteElo "2009"]
[BlackElo "2034"]
[PlyCount "85"]
[EventDate "2015.01.03"]
[EventType "swiss"]
[EventRounds "9"]
[EventCountry "RUS"]
[SourceTitle "CBM 164 Extra"]
[Source "ChessBase"]
[SourceDate "2015.03.02"]
[SourceVersion "1"]
[SourceVersionDate "2015.03.02"]
[SourceQuality "1"]

1. d4 d5 2. e3 Nf6 3. c4 c6 4. Nf3 Bf5 5. Nc3 e6 6. Nh4 Be4 7. f3 Bg6 8. Qb3 Qc7 9. Bd2 Be7 10. g3 dxc4 11. Bxc4 b5 12. Be2 a6 13. Kf2 c5 14. Nxg6 hxg6 15. dxc5 Bxc5 16. Rac1 Nbd7 17. Kg2 0-0 18. e4 Qb6 19. a4 b4 20. Nd1 Rfd8 21. Bg5 Bd4 22. Rc4 a5 23. Qc2 Ne5 24. Rc7 Rd7 25. Rxd7 Nexd7 26. b3 Qc5 27. Qxc5 Nxc5 28. Bc4 Nfd7 29. Ne3 Nb6 30. Rd1 Nxc4 31. Rxd4 Nxe3+ 32. Bxe3 Nxb3 33. Rd3 Na1 34. Rd2 b3 35. Rb2 Rb8 36. Bd2 Rc8 37. Bxa5 Rc2+ 38. Rxc2 bxc2 39. Bd2 Nb3 40. Be3 c1Q 41. Bxc1 Nxc1 42. a5 Nb3 43. a6 1-0

[Event "Voronezh-ch"]
[Site "Voronezh"]
[Date "2015.01.10"]
[Round "7"]
[White "Moiseenko, Andrey"]
[Black "Chernov, Vladimir S"]
[Result "1-0"]
[WhiteElo "2009"]
[BlackElo "1969"]
[PlyCount "70"]
[EventDate "2015.01.03"]
[EventType "swiss"]
[EventRounds "9"]
[EventCountry "RUS"]
[SourceTitle "CBM 164 Extra"]
[Source "ChessBase"]
[SourceDate "2015.03.02"]
[SourceVersion "1"]
[SourceVersionDate "2015.03.02"]
[SourceQuality "1"]

1. d4 d5 2. c4 c6 3. Nf3 Nf6 4. e3 Bf5 5. Nc3 e6 6. Nh4 Be4 7. f3 Bg6 8. Qb3 Qb6 9. Nxg6 hxg6 10. g3 Nbd7 11. Bd2 Qc7 12. cxd5 Nxd5 13. Nxd5 exd5 14. 0-0-0 Bd6 15. Bg2 Nb6 16. Kb1 Nc4 17. e4 Nxd2+ 18. Rxd2 dxe4 19. fxe4 0-0 20. Rhd1 Be7 21. Rf2 Bg5 22. h4 Bh6 23. g4 g5 24. h5 a5 25. e5 a4 26. Qe3 Qd7 27. Qe4 a3 28. b3 Rad8 29. Rfd2 Rfe8 30. Qe2 Qe7 31. Be4 c5 32. Bc2 Rxd4 33. Rxd4 cxd4 34. Qe4 Qxe5 35. Qh7+ Kf8 1-0

[Event "Voronezh-ch"]
[Site "Voronezh"]
[Date "2015.01.08"]
[Round "5"]
[White "Moiseenko, Andrey"]
[Black "Provkin, Vladimir"]
[Result "1/2-1/2"]
[WhiteElo "2009"]
[BlackElo "2141"]
[PlyCount "115"]
[EventDate "2015.01.03"]
[EventType "swiss"]
[EventRounds "9"]
[EventCountry "RUS"]
[SourceTitle "CBM 164 Extra"]
[Source "ChessBase"]
[SourceDate "2015.03.02"]
[SourceVersion "1"]
[SourceVersionDate "2015.03.02"]
[SourceQuality "1"]

1. d4 Nf6 2. c4 g6 3. f3 c5 4. d5 d6 5. e4 Bg7 6. Nc3 0-0 7. Be3 e6 8. Qd2 exd5 9. cxd5 Bd7 10. Nge2 b5 11. Ng3 b4 12. Nd1 Re8 13. Be2 a5 14. 0-0 Na6 15. Bh6 Nc7 16. Bxg7 Kxg7 17. Ne3 Qe7 18. Nc4 Nb5 19. Nb6 Rab8 20. Nxd7 Nxd7 21. Bxb5 Rxb5 22. f4 f6 23. Qd3 Rb7 24. Rfe1 Rc8 25. Rac1 a4 26. Nf1 b3 27. a3 Nb6 28. Nd2 c4 29. Qd4 c3 30. Rxc3 Rxc3 31. bxc3 Qd8 32. Nf3 Nd7 33. Qxa4 b2 34. Rb1 Qb6+ 35. Nd4 Nc5 36. Qc2 Qa7 37. Kh1 Qxa3 38. Ne6+ Nxe6 39. dxe6 Qb3 40. Qxb3 Rxb3 41. g3 f5 42. e5 dxe5 43. fxe5 Kf8 44. c4 Ke7 45. c5 Kxe6 46. c6 Kxe5 47. c7 Rc3 48. Rxb2 Rxc7 49. Kg2 Ke4 50. Ra2 g5 51. Ra4+ Kd5 52. Ra5+ Rc5 53. Ra2 h5 54. Re2 g4 55. h3 Kd4 56. hxg4 hxg4 57. Ra2 Rc3 58. Rf2 1/2-1/2

[Event "Voronezh-ch"]
[Site "Voronezh"]
[Date "2015.01.03"]
[Round "1"]
[White "Moiseenko, Andrey"]
[Black "Kovalenko, Sergey"]
[Result "1-0"]
[WhiteElo "2009"]
[BlackElo "2195"]
[PlyCount "131"]
[EventDate "2015.01.03"]
[EventType "swiss"]
[EventRounds "9"]
[EventCountry "RUS"]
[SourceTitle "CBM 164 Extra"]
[Source "ChessBase"]
[SourceDate "2015.03.02"]
[SourceVersion "1"]
[SourceVersionDate "2015.03.02"]
[SourceQuality "1"]

1. d4 Nf6 2. c4 e6 3. g3 d5 4. Bg2 Be7 5. Nf3 0-0 6. 0-0 Nbd7 7. Qc2 c6 8. Nbd2 b6 9. e4 dxe4 10. Nxe4 Bb7 11. Rd1 Nxe4 12. Qxe4 Nf6 13. Qe2 Qc7 14. Bf4 Bd6 15. Bxd6 Qxd6 16. Ne5 Rac8 17. Rd2 Rfd8 18. Rad1 Qc7 19. b4 h6 20. a4 Nd7 21. Ng4 Qd6 22. c5 Qc7 23. Ne5 Nf6 24. Nc4 Nd5 25. Bxd5 Rxd5 26. Nd6 Rb8 27. Rc1 a5 28. bxa5 bxc5 29. dxc5 Ba6 30. Qd1 Qxa5 31. Rxd5 cxd5 32. Qf3 Qc7 33. Qa3 Qc6 34. Qf3 Qc7 35. Qa3 Rd8 36. Nb5 Qa5 37. Nd4 Rc8 38. c6 Bc4 39. Rb1 Qd2 40. Nf3 Qc2 41. Rc1 Qf5 42. Qe3 Qh3 43. Ne5 Qf5 44. Nxc4 dxc4 45. Rxc4 Qd5 46. Qc3 Qd1+ 47. Kg2 Qd5+ 48. Kg1 Qd1+ 49. Kg2 Qd5+ 50. f3 Kf8 51. a5 Ke7 52. c7 Qb7 53. Qa3+ Kd7 54. a6 Qa7 55. Qa4+ Ke7 56. Qb4+ Kd7 57. Qb5+ Ke7 58. Qb7 Qe3 59. Rc2 Qd3 60. Qb4+ Ke8 61. Qc4 Qa3 62. Qc6+ Ke7 63. Qb6 Qd3 64. Qc5+ Kd7 65. Qc6+ Ke7 66. a7 1-0

[Event "Voronezh School Rating"]
[Site "Voronezh"]
[Date "2014.11.30"]
[Round "9.2"]
[White "Moiseenko, Andrey"]
[Black "Chernov, Vladimir S"]
[Result "1-0"]
[WhiteElo "1943"]
[BlackElo "1904"]
[PlyCount "85"]
[EventDate "2014.11.21"]
[EventType "tourn"]
[EventRounds "9"]
[EventCountry "RUS"]
[SourceTitle "EXT 2018"]
[Source "ChessBase"]
[SourceDate "2017.10.13"]
[SourceVersion "1"]
[SourceVersionDate "2017.10.13"]
[SourceQuality "1"]

1. d4 d5 2. c4 c6 3. Nf3 Nf6 4. e3 e6 5. b3 Nbd7 6. Bb2 Bb4+ 7. Nbd2 Ne4 8. Bd3 Ndf6 9. a3 Bxd2+ 10. Nxd2 0-0 11. 0-0 Nxd2 12. Qxd2 b6 13. c5 Ne4 14. Qc2 f5 15. f3 Nf6 16. a4 Bd7 17. Ba3 Re8 18. b4 bxc5 19. bxc5 Qc7 20. Rfb1 Rab8 21. Bb4 Kh8 22. Be1 Rxb1 23. Rxb1 f4 24. e4 dxe4 25. Bxe4 e5 26. Bh4 Nxe4 27. Qxe4 Qa5 28. dxe5 Qxc5+ 29. Bf2 Qf8 30. Rd1 Qf7 31. Bxa7 Bf5 32. Qd4 h6 33. Bc5 Be6 34. Bd6 Ra8 35. Ra1 Qf5 36. a5 Qc2 37. a6 Qe2 38. a7 Bc4 39. Bb8 Qe3+ 40. Qxe3 fxe3 41. Re1 e2 42. Kf2 Kg8 43. Rxe2 1-0

[Event "Voronezh School Rating"]
[Site "Voronezh"]
[Date "2014.11.28"]
[Round "7.3"]
[White "Moiseenko, Andrey"]
[Black "Rodionov, Roman"]
[Result "0-1"]
[WhiteElo "1943"]
[BlackElo "1987"]
[PlyCount "56"]
[EventDate "2014.11.21"]
[EventType "tourn"]
[EventRounds "9"]
[EventCountry "RUS"]
[SourceTitle "EXT 2018"]
[Source "ChessBase"]
[SourceDate "2017.10.13"]
[SourceVersion "1"]
[SourceVersionDate "2017.10.13"]
[SourceQuality "1"]

1. d4 d6 2. c4 e5 3. d5 f5 4. e4 fxe4 5. Nc3 Nf6 6. Nge2 Bg4 7. Qc2 Bxe2 8. Bxe2 Nbd7 9. Nxe4 Nxe4 10. Qxe4 Nf6 11. Qc2 g6 12. 0-0 Bg7 13. h4 Qe7 14. Bg5 Qf7 15. Qb3 0-0 16. Qe3 c5 17. g3 Rae8 18. Bxf6 Qxf6 19. Bg4 e4 20. Rab1 h5 21. Be6+ Rxe6 22. dxe6 Qxe6 23. Rbe1 Re8 24. b3 Bd4 25. Qe2 Qh3 26. g4 hxg4 27. Qd2 g3 28. Re2 Qh2# 0-1

[Event "Voronezh CC-ch"]
[Site "Voronezh"]
[Date "2014.10.22"]
[Round "5"]
[White "Moiseenko, Andrey"]
[Black "Kornilov, Peter"]
[Result "1/2-1/2"]
[WhiteElo "1880"]
[BlackElo "1993"]
[PlyCount "73"]
[EventDate "2014.10.17"]
[EventType "swiss"]
[EventRounds "9"]
[EventCountry "RUS"]
[SourceTitle "CBM 163 Extra"]
[Source "ChessBase"]
[SourceDate "2014.12.23"]
[SourceVersion "1"]
[SourceVersionDate "2014.12.23"]
[SourceQuality "1"]

1. d4 Nf6 2. c4 e6 3. g3 Bb4+ 4. Bd2 Qe7 5. Nf3 0-0 6. Bg2 Ne4 7. 0-0 Bxd2 8. Nbxd2 Nxd2 9. Qxd2 f5 10. Rad1 d6 11. Qc3 Nd7 12. b4 Nf6 13. Nd2 e5 14. dxe5 dxe5 15. Nb3 e4 16. Rd4 c6 17. Rfd1 b6 18. e3 Be6 19. R4d2 Qf7 20. Bf1 Ng4 21. h3 Nf6 22. Rd6 Rac8 23. a4 Rfe8 24. Nd4 c5 25. Nxe6 Rxe6 26. b5 Rce8 27. a5 Qc7 28. axb6 axb6 29. Qd2 Kf7 30. Kg2 Rxd6 31. Qxd6 Qxd6 32. Rxd6 Re6 33. Rd2 Ke7 34. Be2 g5 35. Ra2 Rd6 36. Ra7+ Rd7 37. Ra2 1/2-1/2

[Event "Voronezh CC-ch"]
[Site "Voronezh"]
[Date "2014.10.21"]
[Round "4"]
[White "Kozlov, Sergej A"]
[Black "Moiseenko, Andrey"]
[Result "1/2-1/2"]
[WhiteElo "2034"]
[BlackElo "1880"]
[PlyCount "68"]
[EventDate "2014.10.17"]
[EventType "swiss"]
[EventRounds "9"]
[EventCountry "RUS"]
[SourceTitle "CBM 163 Extra"]
[Source "ChessBase"]
[SourceDate "2014.12.23"]
[SourceVersion "1"]
[SourceVersionDate "2014.12.23"]
[SourceQuality "1"]

1. d4 Nf6 2. c4 c5 3. d5 b5 4. cxb5 a6 5. b6 d6 6. Nc3 Nbd7 7. e4 g6 8. Nf3 Bg7 9. Bd3 0-0 10. 0-0 Rb8 11. Nd2 Nxb6 12. a4 Ne8 13. a5 Nd7 14. Nc4 Nc7 15. Na4 Nb5 16. Nab6 Nd4 17. Be3 Nxb6 18. Nxb6 Bb7 19. Bxd4 Bxd4 20. Qe2 e5 21. Kh1 f5 22. f3 f4 23. Ra2 g5 24. Bxa6 Bxa6 25. Qxa6 Rf6 26. Qb5 Rh6 27. Qd7 Qf8 28. Nc4 g4 29. Qxg4+ Rg6 30. Qh3 Qg7 31. a6 Rh6 32. a7 Ra8 33. Qf5 Rf6 34. Qg4 Rg6 1/2-1/2

[Event "Voronezh op-B 18th"]
[Site "Voronezh"]
[Date "2014.06.14"]
[Round "3"]
[White "Moiseenko, Andrey"]
[Black "Ustinov, Alexey"]
[Result "0-1"]
[WhiteElo "1852"]
[BlackElo "2079"]
[PlyCount "74"]
[EventDate "2014.06.12"]
[EventType "swiss"]
[EventRounds "9"]
[EventCountry "RUS"]
[SourceTitle "EXT 2015"]
[Source "ChessBase"]
[SourceDate "2014.11.20"]
[SourceVersion "1"]
[SourceVersionDate "2014.11.20"]
[SourceQuality "1"]

1. e4 d5 2. exd5 Qxd5 3. Nc3 Qa5 4. d4 Nf6 5. Nf3 Nc6 6. Bd2 Bg4 7. Bb5 0-0-0 8. Bxc6 bxc6 9. Ne2 Qd5 10. c4 Qxc4 11. Rc1 Qd5 12. Rc5 Qxa2 13. 0-0 Bxf3 14. gxf3 e6 15. Rxc6 Bd6 16. Qc2 Qd5 17. Rc1 Kd7 18. Bf4 Ke7 19. Bxd6+ cxd6 20. Qa4 Rd7 21. Rc7 Qxf3 22. Ng3 h5 23. R1c3 Qd5 24. Rxd7+ Nxd7 25. Rc7 Rd8 26. Qxa7 Qg5 27. Kf1 h4 28. Ne4 Qf4 29. Qb7 f5 30. Nc5 dxc5 31. dxc5 Qc4+ 32. Kg2 h3+ 33. Kf3 Qd3+ 34. Kf4 e5+ 35. Kg5 Qd2+ 36. Kxf5 Rf8+ 37. Kg4 Qf4+ 0-1

[Event "Voronezh op-B 18th"]
[Site "Voronezh"]
[Date "2014.06.13"]
[Round "2"]
[White "Moiseenko, Andrey"]
[Black "Shestakova, Ekaterina"]
[Result "1-0"]
[WhiteElo "1852"]
[BlackElo "1398"]
[PlyCount "53"]
[EventDate "2014.06.12"]
[EventType "swiss"]
[EventRounds "9"]
[EventCountry "RUS"]
[SourceTitle "EXT 2015"]
[Source "ChessBase"]
[SourceDate "2014.11.20"]
[SourceVersion "1"]
[SourceVersionDate "2014.11.20"]
[SourceQuality "1"]

1. d4 Nf6 2. c4 g6 3. f3 Bg7 4. e4 d6 5. Nc3 0-0 6. Be3 Nbd7 7. Qd2 c5 8. d5 Ne5 9. Be2 a6 10. h3 Ned7 11. f4 Nb6 12. Nf3 e6 13. 0-0 exd5 14. cxd5 Nfd7 15. a4 Nf6 16. a5 Nbd7 17. e5 dxe5 18. fxe5 Nh5 19. e6 Ndf6 20. Bxc5 Re8 21. exf7+ Kxf7 22. Ng5+ Kg8 23. Bc4 Bf8 24. d6+ Kg7 25. Nf7 Qd7 26. Qh6+ Kg8 27. Nd5 1-0

[Event "Anna Akulov Memorial op"]
[Site "Anna"]
[Date "2013.10.28"]
[Round "4.4"]
[White "Vechkanov, Valery"]
[Black "Moiseenko, Andrey"]
[Result "1/2-1/2"]
[WhiteElo "1891"]
[BlackElo "1758"]
[PlyCount "39"]
[EventDate "2013.09.27"]
[EventType "swiss"]
[EventRounds "8"]
[EventCountry "RUS"]
[SourceTitle "EXT 2022"]
[Source "ChessBase"]
[SourceDate "2021.10.06"]
[SourceVersion "1"]
[SourceVersionDate "2021.10.06"]
[SourceQuality "1"]

1. d4 Nf6 2. c4 g6 3. Nc3 Bg7 4. e4 d6 5. Be2 0-0 6. f4 c5 7. d5 e6 8. Nf3 exd5 9. exd5 Re8 10. 0-0 Ng4 11. Bd3 Ne3 12. Bxe3 Rxe3 13. Qd2 Re8 14. Rae1 Rxe1 15. Rxe1 Bg4 16. Qe3 Nd7 17. Kh1 Nf6 18. h3 Bxf3 19. Qxf3 Qd7 20. g4 1/2-1/2

[Event "Zagorovsky Memorial op"]
[Site "Voronezh"]
[Date "2013.06.27"]
[Round "3"]
[White "Avtsynov, Artyom"]
[Black "Moiseenko, Andrey"]
[Result "1-0"]
[WhiteElo "2049"]
[BlackElo "1725"]
[PlyCount "59"]
[EventDate "2013.06.25"]
[EventType "swiss"]
[EventRounds "9"]
[EventCountry "RUS"]
[SourceTitle "EXT 2014"]
[Source "ChessBase"]
[SourceDate "2013.11.20"]
[SourceVersion "1"]
[SourceVersionDate "2013.11.20"]
[SourceQuality "1"]

1. e4 c5 2. Nc3 Nc6 3. g3 g6 4. Bg2 Bg7 5. f4 d6 6. Nf3 Nf6 7. d3 0-0 8. 0-0 Rb8 9. h3 b5 10. a3 a5 11. Be3 b4 12. axb4 axb4 13. Ne2 Nd7 14. Rb1 e5 15. f5 Nd4 16. Nexd4 cxd4 17. Bd2 Ba6 18. b3 Qb6 19. Rf2 Rfc8 20. Ng5 Nc5 21. Qg4 Rc7 22. f6 Bf8 23. Qh4 h6 24. Nf3 h5 25. g4 Ne6 26. gxh5 Rbb7 27. hxg6 fxg6 28. Qg4 Kf7 29. Nh4 Ke8 30. Qxe6+ 1-0

[Event "Zagorovsky Memorial op"]
[Site "Voronezh"]
[Date "2013.06.26"]
[Round "2"]
[White "Kozlov, Sergey"]
[Black "Moiseenko, Andrey"]
[Result "0-1"]
[WhiteElo "1886"]
[BlackElo "1725"]
[PlyCount "106"]
[EventDate "2013.06.25"]
[EventType "swiss"]
[EventRounds "9"]
[EventCountry "RUS"]
[SourceTitle "EXT 2014"]
[Source "ChessBase"]
[SourceDate "2013.11.20"]
[SourceVersion "1"]
[SourceVersionDate "2013.11.20"]
[SourceQuality "1"]

1. d4 Nf6 2. c4 g6 3. Nc3 Bg7 4. e4 d6 5. Nf3 0-0 6. Be2 e5 7. dxe5 dxe5 8. Qxd8 Rxd8 9. Bg5 Re8 10. Nd5 Nxd5 11. cxd5 c6 12. Bc4 cxd5 13. Bxd5 Nd7 14. 0-0-0 Nc5 15. Be3 Ne6 16. Kb1 Nc7 17. Rd2 Nxd5 18. exd5 Bf5+ 19. Ka1 Red8 20. d6 b6 21. Rc1 Rac8 22. Rc7 e4 23. Nd4 Bxd4 24. Rxc8 Bxb2+ 25. Kxb2 Bxc8 26. Bg5 Rd7 27. Be7 f5 28. Rc2 Bb7 29. Kc3 Kf7 30. a4 Ke6 31. Kd4 Ba6 32. a5 Bd3 33. Ra2 bxa5 34. Rxa5 a6 35. f3 Rxe7 36. dxe7 Kxe7 37. g4 Kf6 38. fxe4 fxe4 39. g5+ Kg7 40. Rc5 Bb1 41. Rc7+ Kh8 42. Ke5 e3 43. Kf6 Ba2 44. Rc8+ Bg8 45. Re8 a5 46. Rxe3 a4 47. Ra3 Bb3 48. Ra1 h6 49. gxh6 Kh7 50. Rg1 a3 51. Rxg6 a2 52. Rg7+ Kxh6 53. Rg3 a1Q+ 0-1

[Event "Voronezh op-B 17th"]
[Site "Voronezh"]
[Date "2013.06.20"]
[Round "9"]
[White "Moiseenko, Andrey"]
[Black "Kochukova, Anna"]
[Result "0-1"]
[WhiteElo "1725"]
[BlackElo "1928"]
[PlyCount "72"]
[EventDate "2013.06.12"]
[EventType "swiss"]
[EventRounds "9"]
[EventCountry "RUS"]
[SourceTitle "EXT 2014"]
[Source "ChessBase"]
[SourceDate "2013.11.20"]
[SourceVersion "1"]
[SourceVersionDate "2013.11.20"]
[SourceQuality "1"]

1. d4 d5 2. c4 dxc4 3. e3 e6 4. Bxc4 a6 5. Nf3 b5 6. Bd3 Bb7 7. 0-0 c5 8. dxc5 Bxc5 9. Qc2 Nd7 10. Rd1 Bxf3 11. gxf3 Qg5+ 12. Kh1 Ngf6 13. Rg1 Qh5 14. Be2 0-0 15. Nc3 Rac8 16. Qd1 Rfd8 17. Qf1 Bf8 18. e4 Qc5 19. Be3 Qb4 20. Rb1 Kh8 21. a3 Qa5 22. Qg2 Rc7 23. f4 Rdc8 24. e5 Ne8 25. Ne4 Be7 26. Qh3 Qa4 27. Ng5 Bxg5 28. Rxg5 Qe4+ 29. Bf3 Qxb1+ 30. Kg2 Nf8 31. Rh5 Qg6+ 32. Rg5 Qb1 33. Rh5 Qxb2 34. Be4 f5 35. Rxh7+ Nxh7 36. Qxh7+ Kxh7 0-1